[Event "Orsha open A 2019"]
[Site "Orsha"]
[Date "2019.01.20"]
[Round "4.8"]
[White "Navumenka, Mikhei"]
[Black "Lazavik, Denis"]
[Result "0-1"]
[WhiteElo "2104"]
[BlackElo "2296"]
[PlyCount "130"]
[EventDate "2019.01.18"]
[EventType "swiss"]
[EventRounds "9"]
[EventCountry "BLR"]

1. c4 c6 2. e4 d5 3. exd5 cxd5 4. d4 Nf6 5. Nc3 e6 6. Nf3 Bb4 7. Bd2 O-O 8. Bd3
dxc4 9. Bxc4 b6 10. O-O Bb7 11. Bg5 Bxc3 12. bxc3 Nbd7 13. Rc1 Qc7 14. Bd3 Ng4
15. Re1 Bxf3 16. Qxf3 Qxh2+ 17. Kf1 Qh5 18. Qh3 Nh2+ 19. Kg1 Qxh3 20. gxh3 Nf3+
21. Kg2 Nxe1+ 22. Rxe1 Rac8 23. Rc1 Nf6 24. Ba6 Ne4 25. Bxc8 Rxc8 26. Bf4 Rxc3
27. Re1 Nf6 28. Re2 Nd5 29. Bg3 Kf8 30. a4 Rc4 31. a5 bxa5 32. Ra2 a4 33. Rb2
Nb6 34. Bb8 a3 35. Bd6+ Ke8 36. Bxa3 Rxd4 37. Bc5 Rd7 38. Bxb6 axb6 39. Rxb6
Ke7 40. Rb4 Kf6 41. Rf4+ Ke5 42. Rg4 f5 43. Rh4 g6 44. Ra4 Kf6 45. Ra6 Kf7 46.
Ra5 h6 47. Rb5 g5 48. Rb6 Kf6 49. Ra6 h5 50. Ra8 Rh7 51. Rf8+ Ke5 52. Rg8 g4
53. Rg6 Kd5 54. h4 e5 55. Ra6 f4 56. Rg6 Ke4 57. Rf6 Ra7 58. Rb6 Ra2 59. Rb4+
Kf5 60. Kg1 g3 61. f3 Rh2 62. Rb8 Rxh4 63. Rf8+ Ke6 64. Re8+ Kf6 65. Rf8+ Ke7
0-1

[Event "Orsha open A 2019"]
[Site "Orsha"]
[Date "2019.01.20"]
[Round "4.9"]
[White "Aliakbarov, Anar"]
[Black "Pogosian, Georgy"]
[Result "1-0"]
[WhiteElo "2282"]
[BlackElo "2090"]
[PlyCount "57"]
[EventDate "2019.01.18"]
[EventType "swiss"]
[EventRounds "9"]
[EventCountry "BLR"]

1. d4 Nf6 2. c4 g6 3. Nc3 d5 4. Nf3 Bg7 5. Qb3 dxc4 6. Qxc4 O-O 7. e4 c6 8. Qb3
b5 9. e5 Be6 10. exf6 Bxb3 11. fxg7 Kxg7 12. axb3 Qd7 13. Be3 Qe6 14. Be2 Qxb3
15. Rb1 Nd7 16. h4 f6 17. O-O f5 18. Bf4 h6 19. Rfe1 Rfe8 20. d5 cxd5 21. Nd4
Qb4 22. Ne6+ Kf7 23. Nxd5 Qb3 24. Ndc7 Rec8 25. Nxa8 Rxa8 26. Bf3 Rc8 27. Bxh6
Nc5 28. Rbc1 Qb4 29. Bd5 1-0

[Event "Orsha open A 2019"]
[Site "Orsha"]
[Date "2019.01.20"]
[Round "5.1"]
[White "Fedorov, Alexei"]
[Black "Krylov, Ivan"]
[Result "1/2-1/2"]
[WhiteElo "2557"]
[BlackElo "2441"]
[PlyCount "27"]
[EventDate "2019.01.18"]
[EventType "swiss"]
[EventRounds "9"]
[EventCountry "BLR"]

1. e4 e6 2. d4 d5 3. Nc3 Bb4 4. e5 Ne7 5. a3 Bxc3+ 6. bxc3 c5 7. h4 Qc7 8. Nf3
b6 9. h5 h6 10. Bb5+ Bd7 11. Bd3 Bc8 12. Bb5+ Bd7 13. Bd3 Bc8 14. Bb5+ $11
1/2-1/2

[Event "Orsha open A 2019"]
[Site "Orsha"]
[Date "2019.01.20"]
[Round "5.2"]
[White "Afonasieva, Anna"]
[Black "Moskalenko, Alexander"]
[Result "0-1"]
[WhiteElo "2265"]
[BlackElo "2517"]
[PlyCount "72"]
[EventDate "2019.01.18"]
[EventType "swiss"]
[EventRounds "9"]
[EventCountry "BLR"]

1. d4 Nf6 2. Nf3 b6 3. c4 Bb7 4. g3 c5 5. Bg2 cxd4 6. O-O g6 7. Nxd4 Bxg2 8.
Kxg2 Qc7 9. b3 Qb7+ 10. Kg1 Bg7 11. Bb2 O-O 12. Nc3 Na6 13. Qd2 d5 14. cxd5
Nxd5 15. Rad1 Nxc3 16. Bxc3 Nc5 17. f3 Rfd8 18. Qb2 Rac8 19. Nb5 Bh6 20. Bd2
Bg7 21. Bc3 Bf8 22. a4 a6 23. Na3 Qc6 24. Bd4 Qd5 25. e4 Qxb3 26. Qxb3 Nxb3 27.
Bxb6 Rxd1 28. Rxd1 e5 29. Rd3 Nc1 30. Re3 Bh6 31. Re1 Rc3 32. f4 Nd3 33. Ra1
Bf8 34. Nb1 Rc1+ 35. Kg2 Ne1+ 36. Kf2 Nc2 0-1

[Event "Orsha open A 2019"]
[Site "Orsha"]
[Date "2019.01.20"]
[Round "5.3"]
[White "Zabotin, Alexander"]
[Black "Vashchilov, Sergey"]
[Result "1-0"]
[WhiteElo "2484"]
[BlackElo "2134"]
[PlyCount "85"]
[EventDate "2019.01.18"]
[EventType "swiss"]
[EventRounds "9"]
[EventCountry "BLR"]

1. d4 d5 2. c4 e6 3. Nc3 Nf6 4. Nf3 c6 5. e3 Nbd7 6. Bd3 dxc4 7. Bxc4 b5 8. Bd3
Bb7 9. e4 a6 10. e5 Nd5 11. Nxd5 cxd5 12. O-O Be7 13. Nd2 Qb6 14. Qg4 g6 15.
Nf3 h6 16. h4 O-O-O 17. Bd2 a5 18. a3 Rdg8 19. b4 a4 20. Rac1+ Kb8 21. Rc5 Bc6
22. Qf4 Rg7 23. Rfc1 Nxc5 24. dxc5 Qb7 25. Nd4 Ka8 26. Qg4 Qd7 27. Bxb5 Bxb5
28. c6 Bxc6 29. Nxc6 Rc8 30. b5 Kb7 31. Qxa4 Ra8 32. Na5+ Kb8 33. Rc6 Qb7 34.
Be3 Bd8 35. Nxb7 Rxa4 36. Nxd8 d4 37. Bxh6 Rg8 38. Rd6 Rxa3 39. Rxd4 Rb3 40.
Bg5 Rxb5 41. Bf6 Kc7 42. Nxf7 Ra8 43. Nh8 1-0

[Event "Orsha open A 2019"]
[Site "Orsha"]
[Date "2019.01.20"]
[Round "5.4"]
[White "Zarubitski, Viachaslau"]
[Black "Grishchenko, Sergey"]
[Result "1/2-1/2"]
[WhiteElo "2415"]
[BlackElo "2409"]
[PlyCount "46"]
[EventDate "2019.01.18"]
[EventType "swiss"]
[EventRounds "9"]
[EventCountry "BLR"]

1. Nf3 d5 2. d4 Nf6 3. Bf4 e6 4. e3 Bd6 5. Bg3 Qe7 6. Nbd2 Nc6 7. Bb5 Bd7 8.
Bxd6 Qxd6 9. O-O O-O 10. Kh1 Qb4 11. Bxc6 Bxc6 12. Qc1 Nd7 13. b3 Qc3 14. Rd1
Bb5 15. Rb1 Be2 16. Re1 Bxf3 17. Nxf3 c5 18. Rd1 cxd4 19. Rd3 Qa5 20. exd4 Rac8
21. Qb2 Rc7 22. Rc1 Rfc8 23. c3 Nf6 1/2-1/2

[Event "Orsha open A 2019"]
[Site "Orsha"]
[Date "2019.01.20"]
[Round "5.7"]
[White "Strybuk, Artsiom I"]
[Black "Vorobjov, Pavel"]
[Result "1/2-1/2"]
[WhiteElo "2110"]
[BlackElo "2296"]
[PlyCount "71"]
[EventDate "2019.01.18"]
[EventType "swiss"]
[EventRounds "9"]
[EventCountry "BLR"]

1. d4 Nf6 2. c4 g6 3. Nc3 Bg7 4. e4 d6 5. Nf3 O-O 6. Be2 e5 7. Bg5 c6 8. O-O
Nbd7 9. Qd2 Re8 10. Rad1 Qb6 11. d5 cxd5 12. cxd5 Nc5 13. Bxf6 Bxf6 14. Qc2 Bd7
15. Nd2 Rac8 16. Nc4 Qc7 17. a4 Nxa4 18. Nxa4 b5 19. b3 bxa4 20. bxa4 Qc5 21.
Rb1 Rc7 22. Qb3 Be7 23. Qb4 Qd4 24. Na5 Bxa4 25. Bb5 Bxb5 26. Qxb5 Rec8 27. Rb4
Qd2 28. Nc6 f5 29. exf5 gxf5 30. Rb2 Qh6 31. Ra2 Bf8 32. Rfa1 Rg7 $11 33. Rxa7
Rxa7 34. Rxa7 Qc1+ 35. Qf1 Qd2 36. g3 $11 1/2-1/2

[Event "Orsha open A 2019"]
[Site "Orsha"]
[Date "2019.01.20"]
[Round "5.8"]
[White "Silich, Yahor"]
[Black "Aliakbarov, Anar"]
[Result "1/2-1/2"]
[WhiteElo "2116"]
[BlackElo "2282"]
[PlyCount "63"]
[EventDate "2019.01.18"]
[EventType "swiss"]
[EventRounds "9"]
[EventCountry "BLR"]

1. e4 c5 2. Nf3 Nc6 3. Bb5 g6 4. O-O Bg7 5. Re1 e5 6. Bxc6 dxc6 7. d3 Qc7 8.
Nbd2 Nf6 9. Nc4 Nd7 10. a3 a5 11. Bd2 a4 12. b4 axb3 13. cxb3 O-O 14. Bc3 Rd8
15. Qc2 b5 16. Ne3 Nf8 17. a4 Ba6 18. axb5 Bxb5 19. Rxa8 Rxa8 20. Nd2 Ne6 21.
Ndc4 Nd4 22. Qb2 f6 23. h3 Qb8 24. Rb1 Bf8 25. Kf1 Ra7 26. Ra1 Rxa1+ 27. Qxa1
Nxb3 28. Qa2 Bxc4 29. Nxc4 Nc1 30. Qc2 Nb3 31. Qa2 Nc1 32. Qa1 1/2-1/2

[Event "Orsha open A 2019"]
[Site "Orsha"]
[Date "2019.01.20"]
[Round "5.10"]
[White "Parshin, Maxim"]
[Black "Tihonov, Jurij"]
[Result "0-1"]
[WhiteElo "1956"]
[BlackElo "2399"]
[PlyCount "78"]
[EventDate "2019.01.18"]
[EventType "swiss"]
[EventRounds "9"]
[EventCountry "BLR"]

1. d4 d5 2. Nf3 c6 3. Bg5 Qb6 4. Qc1 Bf5 5. Nbd2 Nd7 6. e3 Ngf6 7. Be2 e6 8.
O-O h6 9. Bh4 Be7 10. Ne5 Nxe5 11. dxe5 Nd7 12. Bg3 h5 13. h3 g5 14. Nf3 h4 15.
Bh2 g4 16. Nd4 gxh3 17. Nxf5 hxg2 18. Ng7+ Kf8 19. Nxe6+ fxe6 20. Kxg2 Kf7 21.
f4 Nc5 22. Bd3 Rag8+ 23. Kh1 h3 24. f5 Nxd3 25. cxd3 Rg2 26. fxe6+ Kxe6 27. e4
Qxb2 28. Qf4 Rxh2+ 29. Qxh2 Qxh2+ 30. Kxh2 dxe4 31. dxe4 Kxe5 32. Rf7 Ke6 33.
Raf1 c5 34. e5 c4 35. R7f4 Rc8 36. a4 c3 37. Rc1 Bg5 38. Kg3 Bxf4+ 39. Kxf4 c2
0-1

[Event "Orsha open A 2019"]
[Site "Orsha"]
[Date "2019.01.21"]
[Round "6.2"]
[White "Zarubitski, Viachaslau"]
[Black "Fedorov, Alexei"]
[Result "1/2-1/2"]
[WhiteElo "2415"]
[BlackElo "2557"]
[PlyCount "52"]
[EventDate "2019.01.18"]
[EventType "swiss"]
[EventRounds "9"]
[EventCountry "BLR"]

1. e4 c5 2. Nf3 e6 3. d4 cxd4 4. Nxd4 a6 5. c4 Nf6 6. Nc3 Bb4 7. Qd3 O-O 8. e5
Ne8 9. a3 Bxc3+ 10. Qxc3 d6 11. Nf3 dxe5 12. Nxe5 f6 13. Nd3 Nd6 14. Be2 Nf5
15. O-O Nc6 16. Rd1 Ncd4 17. Bf1 e5 18. b4 b6 19. Be3 Bb7 20. Ne1 Qe8 21. Bxd4
Nxd4 22. c5 Qc6 23. Qc4+ Kh8 24. Nc2 Nf5 25. Ne3 Nd4 26. Nc2 Nf5 $11 1/2-1/2

[Event "Orsha open A 2019"]
[Site "Orsha"]
[Date "2019.01.21"]
[Round "6.3"]
[White "Krylov, Ivan"]
[Black "Siniauski, Artsiom"]
[Result "1/2-1/2"]
[WhiteElo "2441"]
[BlackElo "2182"]
[PlyCount "49"]
[EventDate "2019.01.18"]
[EventType "swiss"]
[EventRounds "9"]
[EventCountry "BLR"]

1. e4 e6 2. d4 d5 3. Nd2 a6 4. e5 c5 5. dxc5 Nc6 6. Ngf3 Qc7 7. Nb3 Nxe5 8. Bf4
Nd3+ 9. Bxd3 Qxf4 10. O-O Nf6 11. Qe2 Be7 12. c4 O-O 13. Rac1 Bd7 14. Ne5 Ba4
15. g3 Qh6 16. cxd5 Bxb3 17. axb3 Nxd5 18. Ng4 Qh5 19. Be4 Kh8 20. Rfd1 Rad8
21. Bf3 Qf5 22. Qe4 Qxe4 23. Bxe4 f5 24. Bxd5 fxg4 25. Bxe6 $11 1/2-1/2

[Event "Orsha open A 2019"]
[Site "Orsha"]
[Date "2019.01.21"]
[Round "6.4"]
[White "Grishchenko, Sergey"]
[Black "Silich, Yahor"]
[Result "1/2-1/2"]
[WhiteElo "2409"]
[BlackElo "2116"]
[PlyCount "34"]
[EventDate "2019.01.18"]
[EventType "swiss"]
[EventRounds "9"]
[EventCountry "BLR"]

1. d4 Nf6 2. c4 d6 3. Nc3 Nbd7 4. Nf3 g6 5. e4 Bg7 6. Be2 O-O 7. O-O e5 8. Re1
c6 9. Bf1 h6 10. b3 Nh7 11. Qd2 Ng5 12. Nxg5 exd4 13. Na4 hxg5 14. Qxg5 Bf6 15.
Qg3 Ne5 16. c5 d3 17. Bb2 Bh4 1/2-1/2

[Event "Orsha open A 2019"]
[Site "Orsha"]
[Date "2019.01.21"]
[Round "6.6"]
[White "Cherepov, Alexej"]
[Black "Lazavik, Denis"]
[Result "1/2-1/2"]
[WhiteElo "2226"]
[BlackElo "2296"]
[PlyCount "65"]
[EventDate "2019.01.18"]
[EventType "swiss"]
[EventRounds "9"]
[EventCountry "BLR"]

1. Nf3 d5 2. c4 c6 3. d4 Nf6 4. Nbd2 Bf5 5. g3 e6 6. Bg2 h6 7. O-O Be7 8. b3
O-O 9. Bb2 Nbd7 10. Ne5 Bh7 11. e3 Ne8 12. Ndf3 Nxe5 13. Nxe5 Nf6 14. Qe2 Nd7
15. Nf3 a5 16. Bc3 Be4 17. Bh3 Bxf3 18. Qxf3 Nf6 19. Qe2 Ne4 20. Bb2 a4 21. f3
Ng5 22. Bg2 Qb6 23. Qc2 Nh7 24. Rfd1 Nf6 25. c5 axb3 26. axb3 Qc7 27. b4 b5 28.
Bc3 Qb7 29. Qb2 Rxa1 30. Rxa1 Ra8 31. Rxa8+ Qxa8 32. Qa1 Qxa1+ 33. Bxa1 1/2-1/2

[Event "Orsha open A 2019"]
[Site "Orsha"]
[Date "2019.01.21"]
[Round "6.7"]
[White "Vorobjov, Pavel"]
[Black "Kirilin, Dmitrij"]
[Result "1/2-1/2"]
[WhiteElo "2296"]
[BlackElo "2074"]
[PlyCount "89"]
[EventDate "2019.01.18"]
[EventType "swiss"]
[EventRounds "9"]
[EventCountry "BLR"]

1. e4 c5 2. Nf3 d6 3. d4 cxd4 4. Nxd4 Nf6 5. Nc3 a6 6. Bg5 e6 7. f4 Nbd7 8. Qe2
Qc7 9. O-O-O Be7 10. g4 h6 11. Bxf6 gxf6 12. Qc4 Qxc4 13. Bxc4 Bd8 14. a4 Ke7
15. Rd3 Nc5 16. Rh3 Bd7 17. b3 Ba5 18. Re1 Bxc3 19. Rxc3 Rag8 20. Rg3 h5 21. g5
h4 22. gxf6+ Kxf6 23. e5+ Ke7 24. Rxg8 Rxg8 25. f5 dxe5 26. fxe6 Nxe6 $11 27.
Nf5+ Kf6 28. Nxh4 Bc6 29. Rf1+ Nf4 30. Nf3 Rh8 31. Nd4 Bg2 32. Rf2 Rxh2 33. Kd2
Rh4 34. Ne2 Bc6 35. Nxf4 Rxf4 36. Rxf4+ exf4 37. a5 Ke7 38. b4 f6 39. Bf1 Kd6
40. c4 Ke5 41. b5 axb5 42. cxb5 Bd7 43. a6 bxa6 44. bxa6 Bc6 45. Ke1 $11
1/2-1/2

[Event "Orsha open A 2019"]
[Site "Orsha"]
[Date "2019.01.21"]
[Round "6.8"]
[White "Aliakbarov, Anar"]
[Black "Ghevondyan, Arman"]
[Result "1/2-1/2"]
[WhiteElo "2282"]
[BlackElo "1679"]
[PlyCount "83"]
[EventDate "2019.01.18"]
[EventType "swiss"]
[EventRounds "9"]
[EventCountry "BLR"]

1. d4 Nf6 2. c4 g6 3. Nc3 d5 4. cxd5 Bg7 5. Nf3 Nxd5 6. e4 Nxc3 7. bxc3 O-O 8.
Be3 c5 9. Qd2 Qa5 10. Rb1 cxd4 11. cxd4 Qxd2+ 12. Nxd2 Nc6 13. d5 Nd4 14. Bd3
f5 15. e5 Bxe5 16. Rb4 a5 17. Ra4 b5 18. Bxd4 bxa4 19. Bxe5 Rd8 20. Bb5 Bb7 21.
Bc6 Bxc6 22. dxc6 Rd5 23. f4 Rc5 24. Rf1 Rxc6 25. Rf3 Rc1+ 26. Ke2 Rc2 27. Ra3
Rd8 28. Bc3 Rc1 29. Bxa5 Rd5 30. Rxa4 e5 31. fxe5 Rxe5+ 32. Kf2 Rc2 33. Kf3
Rxa5 34. Rxa5 Rxd2 35. Ra7 Rc2 36. a4 g5 37. a5 Rc3+ 38. Kf2 Rc2+ 39. Kf1 Rc1+
40. Ke2 Rc2+ 41. Kf1 Rc1+ 42. Kf2 1/2-1/2

[Event "Orsha open A 2019"]
[Site "Orsha"]
[Date "2019.01.21"]
[Round "6.9"]
[White "Vashchilov, Sergey"]
[Black "Afonasieva, Anna"]
[Result "1-0"]
[WhiteElo "2134"]
[BlackElo "2265"]
[PlyCount "71"]
[EventDate "2019.01.18"]
[EventType "swiss"]
[EventRounds "9"]
[EventCountry "BLR"]

1. Nf3 d5 2. b3 Nf6 3. Bb2 Bf5 4. g3 e6 5. Bg2 h6 6. O-O Be7 7. d3 O-O 8. c4 c6
9. Nbd2 a5 10. a3 Nbd7 11. Bc3 Bh7 12. b4 Bd6 13. c5 Bc7 14. Re1 e5 15. e4 dxe4
16. dxe4 Qe7 17. Nh4 Qe6 18. Bf1 axb4 19. axb4 b6 20. Bc4 Qe7 21. cxb6 Nxb6 22.
Bb3 Bd6 23. Ra5 Bxb4 24. Rxe5 Qd6 25. Qf3 Nbd7 26. Nc4 Qb8 27. Rf5 Bxf5 28.
Nxf5 Bxc3 29. Qxc3 Nc5 30. Bc2 Na4 31. Qd2 Rd8 32. Ncd6 Ne8 33. e5 Nxd6 34.
exd6 g6 35. Qxh6 gxf5 36. Bxf5 1-0

[Event "Orsha open A 2019"]
[Site "Orsha"]
[Date "2019.01.21"]
[Round "6.10"]
[White "Papunidi, Matvey"]
[Black "Shkalov, Oleg"]
[Result "0-1"]
[WhiteElo "2113"]
[BlackElo "2225"]
[PlyCount "80"]
[EventDate "2019.01.18"]
[EventType "swiss"]
[EventRounds "9"]
[EventCountry "BLR"]

1. e4 g6 2. d4 Bg7 3. Nc3 c5 4. Nf3 cxd4 5. Nxd4 Nc6 6. Be3 Nf6 7. Nxc6 bxc6 8.
e5 Ng8 9. Bd4 f6 10. f4 Qa5 11. Qe2 c5 12. Bf2 Rb8 13. Rb1 Rxb2 14. Qd2 Rxb1+
15. Nxb1 Qxa2 16. Qc1 fxe5 17. fxe5 Qd5 18. Qe3 Qxe5 19. Qxe5 Bxe5 20. Bxc5 a6
21. Bd3 d6 22. Ba3 Nh6 23. Be4 O-O 24. Nd2 Rf4 25. Bd5+ e6 26. Bc6 Rf7 27. Nf3
Bc3+ 28. Ke2 Rc7 29. Ba4 Nf7 30. Rb1 Kf8 31. Rb6 Ke7 32. g3 Bb7 33. Nd2 Bd4 34.
Rb1 Ne5 35. Bb2 Bxb2 36. Rxb2 Bc6 37. Bxc6 Nxc6 38. Ne4 d5 39. Ng5 h6 40. Nh3
e5 0-1

[Event "Orsha open A 2019"]
[Site "Orsha"]
[Date "2019.01.22"]
[Round "7.1"]
[White "Fedorov, Alexei"]
[Black "Moskalenko, Alexander"]
[Result "1/2-1/2"]
[WhiteElo "2557"]
[BlackElo "2517"]
[PlyCount "22"]
[EventDate "2019.01.18"]
[EventType "swiss"]
[EventRounds "9"]
[EventCountry "BLR"]

1. e4 e5 2. Nf3 Nc6 3. Bb5 Nf6 4. d3 Bc5 5. Bxc6 dxc6 6. Nbd2 Be6 7. O-O Nd7 8.
Nb3 Bb6 9. Ng5 Bxb3 10. axb3 f6 11. Nh3 h5 $11 1/2-1/2

[Event "Orsha open A 2019"]
[Site "Orsha"]
[Date "2019.01.22"]
[Round "7.2"]
[White "Zabotin, Alexander"]
[Black "Zarubitski, Viachaslau"]
[Result "1/2-1/2"]
[WhiteElo "2484"]
[BlackElo "2415"]
[PlyCount "63"]
[EventDate "2019.01.18"]
[EventType "swiss"]
[EventRounds "9"]
[EventCountry "BLR"]

1. d4 Nf6 2. Nf3 b6 3. c4 e6 4. a3 Bb7 5. Nc3 g6 6. Qc2 d5 7. cxd5 exd5 8. Bg5
Bg7 9. e3 O-O 10. Be2 Nbd7 11. Ne5 h6 12. Bh4 c5 13. O-O cxd4 14. exd4 g5 15.
Bg3 Ne4 16. Nc6 Bxc6 17. Nxe4 dxe4 18. Qxc6 Nf6 19. Be5 Rc8 20. Qa4 Qe7 21. Qb3
Nd7 22. Bg4 Rce8 23. Bg3 Bxd4 24. Qa4 Nf6 25. Qxd4 Rd8 26. Qb4 Qxb4 27. axb4
Nxg4 28. Rxa7 Rd2 29. Rb7 f5 30. h3 f4 31. Bxf4 Rxf4 32. hxg4 $11 1/2-1/2

[Event "Orsha open A 2019"]
[Site "Orsha"]
[Date "2019.01.22"]
[Round "7.4"]
[White "Siniauski, Artsiom"]
[Black "Tihonov, Jurij"]
[Result "0-1"]
[WhiteElo "2182"]
[BlackElo "2399"]
[PlyCount "108"]
[EventDate "2019.01.18"]
[EventType "swiss"]
[EventRounds "9"]
[EventCountry "BLR"]

1. e4 c5 2. Nf3 d6 3. Bb5+ Bd7 4. Bxd7+ Nxd7 5. O-O Ngf6 6. Qe2 e6 7. b3 g6 8.
Bb2 Bg7 9. c4 O-O 10. Rd1 d5 11. e5 Ne8 12. cxd5 exd5 13. d4 Nc7 14. dxc5 Re8
15. b4 g5 16. h3 f5 17. Nc3 g4 18. Nxd5 gxf3 19. Qc4 Ne6 20. Nf4 Qg5 21. g3
Ndf8 22. Rd6 Qe7 23. Nd5 Qf7 24. Nf6+ Bxf6 25. exf6 Ng5 26. Qh4 Ne4 27. Rd3 Ng6
28. Qh6 f4 29. Rad1 Nxf6 30. Rxf3 Rad8 31. Rf1 Rd5 32. Bxf6 Qxf6 33. Rxf4 Qg7
34. Qxg7+ Kxg7 35. Rc4 Re2 36. a4 Ne5 37. Rc3 Rd3 38. Rxd3 Nxd3 39. Rd1 Re1+
40. Rxe1 Nxe1 41. b5 Kf6 42. a5 Nf3+ 43. Kg2 Ne5 44. c6 bxc6 45. b6 a6 46. f4
Nd7 47. Kf3 Nc5 48. g4 Nb7 49. Ke4 Nxa5 50. g5+ Kf7 51. h4 Nc4 52. h5 Nxb6 53.
f5 Nd7 54. h6 a5 0-1

[Event "Orsha open A 2019"]
[Site "Orsha"]
[Date "2019.01.22"]
[Round "7.7"]
[White "Lazavik, Denis"]
[Black "Kuleshov, Konstantin"]
[Result "1-0"]
[WhiteElo "2296"]
[BlackElo "2098"]
[PlyCount "157"]
[EventDate "2019.01.18"]
[EventType "swiss"]
[EventRounds "9"]
[EventCountry "BLR"]

1. d4 f5 2. Nf3 Nf6 3. g3 g6 4. Bg2 Bg7 5. O-O O-O 6. b3 d6 7. Bb2 c6 8. c4 Qc7
9. Nbd2 Re8 10. Qc2 e5 11. dxe5 dxe5 12. e4 c5 13. Ne1 Nc6 14. Nd3 Nd4 15. Bxd4
exd4 16. Rfe1 a5 17. e5 Ng4 18. h3 Nh6 19. f4 Nf7 20. a4 Be6 21. Bd5 Rad8 22.
Bxe6 Rxe6 23. Nf3 Bf8 24. Qg2 Be7 25. g4 Nh6 26. Kf2 Rf8 27. Ke2 Rb6 28. Rab1
Qd7 29. Rg1 Kf7 30. Kd2 Ke8 31. Kc2 Rc6 32. Rbe1 Kd8 33. Ng5 Bxg5 34. fxg5 Ng8
35. e6 Qc7 36. Rgf1 Ne7 37. Qf2 Kc8 38. Qh4 Rh8 39. Qh6 Rd6 40. Qg7 Rdd8 41.
Qe5 b6 42. gxf5 Nxf5 43. Rxf5 gxf5 44. e7 Rde8 45. Qxf5+ Kb7 46. Qf6 Qh2+ 47.
Kb1 Qd2 48. Qf3+ Ka7 49. Re2 Qxg5 50. Ne5 Rhg8 51. Ka2 Ka6 52. Nf7 Qg3 53. Qc6
Qd3 54. Qb5+ Ka7 55. Qd7+ Ka6 56. Qb5+ Ka7 57. Qd7+ Ka6 58. Rb2 Qe3 59. Nd8 Qe4
60. Qc8+ Ka7 61. Nc6+ Qxc6 62. Qxc6 Rxe7 63. Rf2 Rd8 64. Rf6 Rb7 65. Rd6 Rxd6
66. Qxd6 Rg7 67. h4 Kb7 68. h5 Rc7 69. h6 Rc8 70. Kb2 Rc7 71. Kc2 Rc8 72. Kd3
Rc7 73. Ke4 Rc8 74. Kf5 Rc7 75. Qd5+ Ka7 76. Ke6 Rb7 77. Kd6 Kb8 78. Kc6 Ka7
79. Qg8 1-0

[Event "Orsha open A 2019"]
[Site "Orsha"]
[Date "2019.01.22"]
[Round "7.8"]
[White "Gabdrakipov, Ilshat"]
[Black "Vorobjov, Pavel"]
[Result "0-1"]
[WhiteElo "2098"]
[BlackElo "2296"]
[PlyCount "132"]
[EventDate "2019.01.18"]
[EventType "swiss"]
[EventRounds "9"]
[EventCountry "BLR"]

1. e4 c5 2. Nf3 d6 3. d4 cxd4 4. Nxd4 Nf6 5. Nc3 a6 6. Bg5 Nbd7 7. f4 h6 8.
Bxf6 Nxf6 9. e5 dxe5 10. fxe5 Ng4 11. e6 Bxe6 12. Nxe6 Qxd1+ 13. Rxd1 fxe6 14.
Be2 Ne5 15. O-O g6 16. Rd4 Bg7 17. Rb4 O-O-O 18. Ne4 Rd5 19. c3 Rhd8 20. Rb6
Ra5 21. a3 Nc6 22. Rf7 Be5 23. Bg4 Bc7 24. Rb3 Re5 25. Bf3 b5 26. a4 Bb6+ 27.
Kf1 Rf5 28. Rxf5 exf5 29. Ng3 Ne5 30. Be2 Kc7 31. axb5 a5 32. c4 Rd4 33. Ra3
Rf4+ 34. Bf3 Rxc4 35. Ne2 Rc2 36. Nf4 Rf2+ 37. Ke1 Nxf3+ 38. Rxf3 Rxf3 39. gxf3
e5 40. Nd5+ Kb7 41. Ne7 Bd4 42. b3 Kb6 43. Nxg6 Kxb5 44. Kd2 Kb4 45. Kc2 e4 46.
fxe4 fxe4 47. h3 Kc5 48. Kd2 Bf2 49. Nf4 Kd4 50. Ne2+ Ke5 51. Nc3 Bc5 52. Ke2
h5 53. Na2 Kd4 54. Kd2 Bb4+ 55. Ke2 Be7 56. Kd2 Bg5+ 57. Ke2 Bf4 58. b4 a4 59.
b5 a3 60. b6 Kc4 61. b7 Kb3 62. Nc1+ Kb2 63. Kd1 Bb8 64. Kd2 e3+ 65. Kd1 e2+
66. Kd2 e1=Q+ 0-1

[Event "Orsha open A 2019"]
[Site "Orsha"]
[Date "2019.01.22"]
[Round "7.9"]
[White "Kirilin, Dmitrij"]
[Black "Aliakbarov, Anar"]
[Result "0-1"]
[WhiteElo "2074"]
[BlackElo "2282"]
[PlyCount "92"]
[EventDate "2019.01.18"]
[EventType "swiss"]
[EventRounds "9"]
[EventCountry "BLR"]

1. d4 Nf6 2. c4 e6 3. Nf3 d5 4. Nc3 Bb4 5. Bg5 Nbd7 6. e3 c5 7. cxd5 exd5 8.
dxc5 Qa5 9. Nd2 Bxc3 10. bxc3 Qxc3 11. Rc1 Qa5 12. Bxf6 Nxf6 13. Qb3 O-O 14.
Qc3 Qc7 15. Be2 Be6 16. O-O Rfc8 17. Nb3 Qe7 18. Rfd1 Rc7 19. Qa5 Ne4 20. Bf3
h6 21. Qb4 Nf6 22. Qa5 a6 23. Nd4 Rac8 24. c6 bxc6 25. Nxe6 fxe6 26. Qxa6 c5
27. Qd3 c4 28. Qc3 Ra7 29. Rc2 Ra3 30. Qe5 Nd7 31. Qd4 Qc5 32. e4 Qxd4 33. Rxd4
Ne5 34. Be2 Nc6 35. Rd1 Nb4 36. Rb2 Rxa2 37. Rxa2 Nxa2 38. Bg4 Re8 39. Bh5 Rd8
40. Bg4 Kf7 41. Ra1 Rb8 42. g3 Rb2 43. exd5 exd5 44. Re1 Rd2 45. Be6+ Kf6 46.
Bg8 g6 0-1

[Event "Orsha open A 2019"]
[Site "Orsha"]
[Date "2019.01.22"]
[Round "7.10"]
[White "Pogosian, Georgy"]
[Black "Cherepov, Alexej"]
[Result "1/2-1/2"]
[WhiteElo "2090"]
[BlackElo "2226"]
[PlyCount "53"]
[EventDate "2019.01.18"]
[EventType "swiss"]
[EventRounds "9"]
[EventCountry "BLR"]

1. c4 b6 2. Nc3 Bb7 3. d4 e6 4. a3 f5 5. d5 Nf6 6. g3 Bd6 7. Bg2 O-O 8. Nh3 Be5
9. O-O Bxc3 10. bxc3 Na6 11. Be3 c6 12. dxe6 dxe6 13. Nf4 Qe7 14. h3 e5 15. Nd3
e4 16. Nc1 Nc5 17. Nb3 Nxb3 18. Qxb3 c5 19. a4 Ba6 20. a5 Qe6 21. Ra4 b5 22.
Raa1 Rfc8 23. Rfd1 bxc4 24. Qa3 Qe7 25. Rd2 Rc7 26. Rad1 Rb8 27. Rd6 $11
1/2-1/2

[Event "Orsha open A 2019"]
[Site "Orsha"]
[Date "2019.01.23"]
[Round "8.1"]
[White "Moskalenko, Alexander"]
[Black "Krylov, Ivan"]
[Result "1/2-1/2"]
[WhiteElo "2517"]
[BlackElo "2441"]
[PlyCount "116"]
[EventDate "2019.01.18"]
[EventType "swiss"]
[EventRounds "9"]
[EventCountry "BLR"]

1. Nf3 Nf6 2. d4 d5 3. c4 c6 4. g3 Bf5 5. Nc3 e6 6. Nh4 Bg6 7. Nxg6 hxg6 8. Qd3
Nbd7 9. Bg2 Be7 10. O-O O-O 11. Rd1 a6 12. e4 dxe4 13. Nxe4 Nxe4 14. Qxe4 Nf6
15. Qe2 Qd7 16. Be3 Rad8 17. Rab1 a5 18. Rbc1 Bd6 19. h4 Qe7 20. Rd3 Rd7 21.
Rcd1 Rfd8 22. Bf3 Bb8 23. Kg2 Ba7 24. Qc2 Rc8 25. a3 Rcd8 26. Qb1 Rc8 27. Qc2
Rcd8 28. R3d2 Ne8 29. Qa4 Bb6 30. b4 axb4 31. c5 Bc7 32. axb4 e5 33. dxe5 Rxd2
34. Bxd2 Bxe5 35. Bg5 f6 36. Rxd8 Qxd8 37. Bc1 Nc7 38. Qc2 Kf7 39. Qc4+ Ne6 40.
Be3 Qd7 41. Qe4 Nd4 42. Bg4 Ne6 43. h5 gxh5 44. Bxh5+ Kg8 45. Bg4 Kf7 46. Bh5+
Kg8 47. f4 Bb2 48. Bg4 Kf7 49. Bh5+ Kg8 50. Bg4 Kf7 51. Kf2 Qd5 52. Qxd5 cxd5
53. Bd2 Bd4+ 54. Ke2 b6 55. Bxe6+ Kxe6 56. Be3 Bxe3 57. Kxe3 bxc5 58. bxc5 f5
1/2-1/2

[Event "Orsha open A 2019"]
[Site "Orsha"]
[Date "2019.01.23"]
[Round "8.3"]
[White "Aliakbarov, Anar"]
[Black "Fedorov, Alexei"]
[Result "0-1"]
[WhiteElo "2282"]
[BlackElo "2557"]
[PlyCount "68"]
[EventDate "2019.01.18"]
[EventType "swiss"]
[EventRounds "9"]
[EventCountry "BLR"]

1. d4 Nf6 2. c4 g6 3. Nc3 Bg7 4. e4 d6 5. Nf3 O-O 6. Be2 Nbd7 7. O-O e5 8. Be3
c6 9. d5 c5 10. Ne1 Ne8 11. g4 f5 12. exf5 gxf5 13. gxf5 Nb6 14. Bd3 Bxf5 15.
Kh1 e4 16. Nxe4 Nxc4 17. Bxc4 Bxe4+ 18. f3 Bg6 19. Qd2 Nc7 20. a4 Qf6 21. Nd3
Rae8 22. Rae1 b6 23. b4 Qh4 24. Rc1 Re4 25. Bg5 Qh3 26. Nf4 Rfxf4 27. Qxf4 Rxf4
28. Bxf4 Bh6 29. Bxh6 Qxh6 30. bxc5 bxc5 31. Rc3 Qf4 32. Rd1 Kg7 33. Rb3 Qxc4
34. Rb7 Qe2 0-1